000 00460nam a2200181Ia 4500
001 1189
005 20260306140613.0
008 260306t2011||||xx |||||||||||||| ||spa||
041 _aESP
082 _a189
_bA32I
100 _aSánchez Rojas, Gustavo
_eAUT
245 0 _aSan Agustín y la reconciliación:
_bvigencia de un tema urgente
260 _c2011
300 _a229 páginas :
_c20 cm.
650 _aGEN
654 _aCHU
942 _cLIB
_dJUS
_fJUS
_2ddc
_n
999 _c1189
_d1189